Films by Picture #5 - Statistics

General Stats
  • This quiz has been taken 159 times
    131 since last reset
  • The average score is 6 of 15
Answer Stats
Picture Answer % Correct
Saw
85%
Gandhi
83%
The Lego Movie
83%
Cars
61%
JFK
61%
Up
48%
Dune
46%
Chocolat
40%
The Elephant Man
31%
The Running Man
25%
Knocked Up / The Mummy
13%
The Lion in Winter
13%
Gran Torino
11%
Papillon
4%
Cat on a Hot Tin Roof
3%
No matching quizzes found
Score Distribution
Percent of People with Each Score
Percentile by Number Answered
Your Score History
You have not taken this quiz since the last reset